Statistics for Leaders of UKIP

Click here to take the quiz!

General Stats

  • This quiz has been taken 24 times
  • The average score is 5 of 13

Answer Stats

TenureName% Correct
2006-2009Nigel Farage
100%
2010-2016Nigel Farage
100%
2018-presentGerard Batten
47%
2016Diane James
42%
2016-2017Paul Nuttall
42%
2017-2018Henry Bolton
37%
2009-2010Lord Pearson
26%
1993-1997Alan Sked
16%
2017Steve Crowther
16%
2000-2002Jeffrey Titford
11%
2002-2006Roger Knapman
11%
1997Craig Mackinlay
5%
1997-2000Michael Holmes
5%

Score Distribution

Percentile by Number Answered

Percent of People with Each Score

Your Score History

You have not taken this quiz